| 000 | 00450pab a2200169 454500 | ||
|---|---|---|---|
| 008 | 180718b2010 xxu||||| |||| 00| 0 eng d | ||
| 100 | _aLansbury, Russell D. | ||
| 245 | _aEmployment relations and rights in the global automotive industry | ||
| 260 | _c2010 | ||
| 300 | _ap.539-53. | ||
| 362 | _aApr | ||
| 650 | _aLabour relations | ||
| 700 | _aWailes, Nick | ||
| 773 | _aIndian Journal of Industrial Relations | ||
| 908 | _aN | ||
| 909 | _a86947 | ||
| 999 |
_c86947 _d86947 |
||